On using of computers by simulation of solid waste generation an its effects upon environment

Bibliographic Details
Main Authors: Šlahorová, E. (Author), Šlahor, Ľ. (Author)
Other Authors: Guňovska, N. (Translator)
Format: Article
Language:English

MARC

LEADER 00000nab a2200000 a 4500
001 vtls011124075
003 SK-MaSNL
005 20260303143737.0
008 230222|1976 xo |||||||||||||||||eng|
015 |a SNBRB 
035 |a (uuid)e16d80ff-645a-4a24-b6b5-8c511e88b136 
035 |a (urnnbn)urn:nbn:sk:snk:ar-a094vz 
035 |a urn:nbn:sk:snk-ab9yol 
040 |a SNKBUCL  |b slo  |c SNKBUCL  |e AACR2 
041 0 |a eng 
044 |a xo  |c SK 
100 1 |a Šlahorová, E.  |4 aut  |9 1164810 
245 1 0 |a On using of computers by simulation of solid waste generation an its effects upon environment  |c E. Šlahorová, Ľ. Šlahor, N. Guňovska 
700 1 |a Šlahor, Ľ.  |4 aut  |9 643420 
700 1 |a Guňovska, N.  |4 trl  |9 1161580 
773 0 |t Acta Facultatis rerum naturalium Universitatis Comenianae  |g Roč. 1, č. 1 (1976), s. 89-96 
958 |a OND 
958 |a EUIPO 
958 |a article13 
999 |c 1992173  |d 1994103